Nerve Cells and Animal Behaviour (Record no. 8758)

MARC details
000 -LEADER
fixed length control field 03511cam a2200421 a 4500
001 - CONTROL NUMBER
control field 16025094
003 - CONTROL NUMBER IDENTIFIER
control field OSt
005 - DATE AND TIME OF LATEST TRANSACTION
control field 20251010125415.0
008 - FIXED-LENGTH DATA ELEMENTS--GENERAL INFORMATION
fixed length control field 091216s2010 enka b 001 0 eng
010 ## - LIBRARY OF CONGRESS CONTROL NUMBER
LC control number 2009052764
015 ## - NATIONAL BIBLIOGRAPHY NUMBER
National bibliography number GBB039437
Source bnb
016 7# - NATIONAL BIBLIOGRAPHIC AGENCY CONTROL NUMBER
Record control number 015510914
Source Uk
016 7# - NATIONAL BIBLIOGRAPHIC AGENCY CONTROL NUMBER
Record control number 101538686
Source DNLM
020 ## - INTERNATIONAL STANDARD BOOK NUMBER
International Standard Book Number 9780521899772 (hardback)
020 ## - INTERNATIONAL STANDARD BOOK NUMBER
International Standard Book Number 052189977X (hardback)
020 ## - INTERNATIONAL STANDARD BOOK NUMBER
International Standard Book Number 9780521728485 (pbk.)
020 ## - INTERNATIONAL STANDARD BOOK NUMBER
International Standard Book Number 0521728487 (pbk.)
035 ## - SYSTEM CONTROL NUMBER
System control number (OCoLC)ocn495597241
040 ## - CATALOGING SOURCE
Original cataloging agency DLC
Transcribing agency must
Modifying agency YDXCP
-- BWKUK
-- UKM
-- BWK
-- BTCTA
-- BWX
-- CDX
-- AGL
-- YAM
-- NLM
-- DLC
060 10 - NATIONAL LIBRARY OF MEDICINE CALL NUMBER
Classification number QP 356
060 00 - NATIONAL LIBRARY OF MEDICINE CALL NUMBER
Classification number 2010 I-335
070 0# - NATIONAL AGRICULTURAL LIBRARY CALL NUMBER
Classification number QP356
Item number .Y68 2010
082 00 - DEWEY DECIMAL CLASSIFICATION NUMBER
Classification number 591.5 SIM 2010
Edition number 22
100 1# - MAIN ENTRY--PERSONAL NAME
Personal name Simmons, Peter J.; Young, David
9 (RLIN) 17701
245 10 - TITLE STATEMENT
Title Nerve Cells and Animal Behaviour
250 ## - EDITION STATEMENT
Edition statement 3rd ed.
260 ## - PUBLICATION, DISTRIBUTION, ETC. (IMPRINT)
Name of publisher, distributor, etc. Cambridge University Press,
Date of publication, distribution, etc. 2010.
300 ## - PHYSICAL DESCRIPTION
Extent viii, 284 p. :
Other physical details ill. ;
Dimensions 26 cm.
504 ## - BIBLIOGRAPHY, ETC. NOTE
Bibliography, etc Includes bibliographical references (p. [262]-279) and index.
505 0# - FORMATTED CONTENTS NOTE
Formatted contents note 1. Organisation of animal behaviour and of brains : feeding in star-nose moles and courtship in fruit flies -- 2. Signals in nerve cells : reflexes in mammals and insects -- 3. Neuronal mechanisms for releasing behaviour : predator and prey - toad and cockroach -- 4. Neuronal pathways for behaviour : startle behaviours and giant neurons in crayfish and fish -- 5. Eyes and vision : sensory filtering and course control in insects -- 6. Sensory maps : hunting by owls and bats -- 7. Programmes for movement : how nervous systems generate and control rhythmic movements -- 8. Changes in nerve cells and behaviour : learning in bees and rats ; swarming in locusts -- 9. Nerve cells and animal signalling : songs of crickets, electric fish and birds.
520 ## - SUMMARY, ETC.
Summary, etc. "An extensively revised third edition of this introduction to neuroethology - the neuronal basis of animal behaviour - for zoology, biology and psychology undergraduate students. The book focuses on the roles of individual nerve cells in behaviour, from simple startle responses to complex behaviours such as route learning by rats and singing by crickets and birds. It begins by examining the relationship between brains and behaviour, and showing how study of specialised behaviours reveals neuronal mechanisms that control behaviour. Information processing by nerve cells is introduced using specific examples, and the establishing roles of neurons in behaviour is described for a predator-prey interaction, toads versus cockroaches. New material includes: vision by insects, which describes sensory filtering; hunting by owls and bats, which describes sensory maps; and rhythmical movements including swimming and flying, which describes how sequences of movements are generated. Includes stunning photographs which capture the detail of the behaviour"--Provided by publisher.
520 ## - SUMMARY, ETC.
Summary, etc. "The book focuses on the roles of individual nerve cells in behaviour, from simple startle responses to complex behaviours such as route learning by rats and singing by crickets and birds. It begins by examining the relationship between brains and behaviour, and showing how study of specialised behaviours reveals neuronal mechanisms that control behaviour"--Provided by publisher.
650 #0 - SUBJECT ADDED ENTRY--TOPICAL TERM
Topical term or geographic name as entry element Cells
9 (RLIN) 14142
650 #0 - SUBJECT ADDED ENTRY--TOPICAL TERM
Topical term or geographic name as entry element Animal behaviour
9 (RLIN) 17702
906 ## - LOCAL DATA ELEMENT F, LDF (RLIN)
a 7
b cbc
c orignew
d 1
e ecip
f 20
g y-gencatlg
942 ## - ADDED ENTRY ELEMENTS (KOHA)
Source of classification or shelving scheme Other/Generic Classification Scheme
Koha item type Open Shelf
Holdings
Withdrawn status Lost status Source of classification or shelving scheme Damaged status Not for loan Home library Current library Date acquired Source of acquisition Inventory number Total Checkouts Full call number Barcode Date last seen Price effective from Koha item type
    Other/Generic Classification Scheme     MUST Main Library MUST Main Library 24/06/2024 donation 12/35970   591.5 SIM 2010 2024-21126 24/06/2024 24/06/2024 Open Shelf